Concepts of modern physics / (Record no. 5664)

MARC details
000 -LEADER
fixed length control field 00783pam a2200253 a 4500
001 - CONTROL NUMBER
control field 3014306
003 - CONTROL NUMBER IDENTIFIER
control field OSt
005 - DATE AND TIME OF LATEST TRANSACTION
control field 20240618151900.0
008 - FIXED-LENGTH DATA ELEMENTS--GENERAL INFORMATION
fixed length control field 940428s1995 nyua 000 0 eng
010 ## - LIBRARY OF CONGRESS CONTROL NUMBER
LC control number 94017477
020 ## - INTERNATIONAL STANDARD BOOK NUMBER
International Standard Book Number 007115096x
040 ## - CATALOGING SOURCE
Transcribing agency MUST LIB
Original cataloging agency MUST
Language of cataloging MUST
082 00 - DEWEY DECIMAL CLASSIFICATION NUMBER
Classification number 530BEI 2003
Edition number 22
Item number BEL
100 1# - MAIN ENTRY--PERSONAL NAME
Personal name Beiser, Arthur.
9 (RLIN) 7974
245 10 - TITLE STATEMENT
Title Concepts of modern physics /
Statement of responsibility, etc. Arthur Beiser.
250 ## - EDITION STATEMENT
Edition statement 6th ed.
260 ## - PUBLICATION, DISTRIBUTION, ETC. (IMPRINT)
Place of publication, distribution, etc. New York :
Name of publisher, distributor, etc. McGraw-Hill,
Date of publication, distribution, etc. 2003
300 ## - PHYSICAL DESCRIPTION
Extent xii, 542 p. :
Other physical details ill. ;
Dimensions 26 cm.
504 ## - BIBLIOGRAPHY, ETC. NOTE
Bibliography, etc includes index.
650 #0 - SUBJECT ADDED ENTRY--TOPICAL TERM
Topical term or geographic name as entry element Physics.
9 (RLIN) 809
906 ## - LOCAL DATA ELEMENT F, LDF (RLIN)
a 7
b cbc
c orignew
d 1
e ocip
f 19
g y-gencatlg
942 ## - ADDED ENTRY ELEMENTS (KOHA)
Source of classification or shelving scheme Dewey Decimal Classification
Koha item type Open Shelf
Holdings
Withdrawn status Lost status Source of classification or shelving scheme Damaged status Not for loan Home library Current library Date acquired Source of acquisition Inventory number Total Checkouts Full call number Barcode Date last seen Price effective from Koha item type
    Dewey Decimal Classification     MUST Main Library MUST Main Library 10/03/2017   07/29058   530BEI 2003 2017-0360 10/03/2017 10/03/2017 Open Shelf
    Dewey Decimal Classification     MUST Main Library MUST Main Library 28/03/2017   08/30303   530BEI 2003 2017-0665 28/03/2017 28/03/2017 Open Shelf
    Dewey Decimal Classification     MUST Main Library MUST Main Library 02/03/2020 Purchase 2012/36783   530BEI 2003 2020-0609 02/03/2020 02/03/2020 Open Shelf
    Dewey Decimal Classification     MUST Main Library MUST Main Library 18/06/2024 Purchase 08/30302   530BEI 2003 BEL 2024-20810 18/06/2024 18/06/2024 Open Shelf
    Dewey Decimal Classification     MUST Main Library MUST Main Library 18/06/2024 Purchase 08/30304   530BEI 2003 BEL 2024-20813 18/06/2024 18/06/2024 Open Shelf